| 000 | 00829nab a2200253 u 4500 | ||
|---|---|---|---|
| 001 | 20985 | ||
| 003 | HDC | ||
| 007 | cr bn ---aaaaa | ||
| 008 | 210307b2014mmddmy d||ne||||| 00| 0 may d | ||
| 040 | _aHDC | ||
| 100 |
_aSofian Baharom _99831 |
||
| 245 | 0 |
_aPertanian sektor penting negara _c/ Sofian Baharom |
|
| 260 |
_aMalaysia: _bMedia Mulia, _c2014 |
||
| 300 | _a1 online resource (page 4) | ||
| 336 |
_atext _2rdacontent |
||
| 337 |
_acomputer _2rdamedia |
||
| 338 |
_aonline resource _2rdacarrier |
||
| 650 |
_aAgricultural industries _zMalaysia _94840 |
||
| 710 | _aUtusan Malaysia | ||
| 856 | _zRequest full-text at [email protected] | ||
| 942 | _2lcc | ||
| 942 | _cNEWS | ||
| 942 | _kNWSC 002662 | ||
| 999 |
_c18301 _d18301 |
||